01811cam a2200373 i 4500001001000000003000900010005001700019007000300036008004100039020001500080040003000095041000800125082002400133111011800157245031400275246005000589246005500639264003400694300004500728336002700773337003300800338002800833490001700861500004100878650006900919650007300988650007201061650007601133700003401209700002401243942001401267952014101281999001501422000002125DO-SdBNP20260316142055.0ta001108s2000 sw a b 100 0 eng  a9185894567 aDO-SdBNPbspacBNPHUerda17aspa 4a331.1485bS974g2222 aSwedish-Guatemalan Seminar on Consensus-Building, Governance, and Democracyd(1998 :cGuatemala, Guatemala)9680910aProceedings from the Swedish-Guatemalan Seminar on Consensus-Building, Governance, and Democracy, December 1, 1998, Guatemala City =bActas del Seminario Sueco-Guatemalteco Construyendo Consenso, Gobernabilidad y Democracia, 1 de diciembre 1998, Ciudad de Guatemala /ceditores, Åke Magnusson, Rune Rydén.30aConsensus-building, governance, and democracy30aConstruyendo consenso, gobernabilidad y democracia 1aStockholm :bLAIS/NIR,c2000. a287 páginas :bilustraciones ;c24 cm. atextobtxt2rdacontent asin mediaciónbn2rdamedia avolumenbnc2rdacarrier1 aMonografv34 aIncluye referencias bibliográficas 4aMercado de trabajozSueciavCongresos, conferencias, etc.919058 4aRelaciones industrialeszSueciavCongresos, conferencias, etc.96812 4aMercado de trabajozGuatemalavCongresos, conferencias, etc.919058 4aRelaciones industrialeszGuatemalavCongresos, conferencias, etc.968141 aMagnusson, Åked1943-968151 aRydén, Rune96816 2ddccLBS1 00102ddc56708GRaBNPHUbBNPHUcCTd2009-09-22l0oBNPHU GR 331.1485 S974gp2125-10r2020-06-25w2020-06-25yLBS1ZPréstamo interno c1978d1978